000 01662cam a2200517 a 4500
001 22023
003 VRT
005 20260317162803.0
008 240318s2015 xo g 000 f slo
015 _aSNBA2015/11
020 _a9788081144851
_q(brož.)
035 _aE194DD61-1B70-4FB9-B5BD-DF26724223D7
035 _aurn:nbn:sk:snk-amldih
035 _aurn:nbn:sk:snk-am00904q
039 9 _a202403182019
_bVLOAD
_c201606101935
_dVLOAD
_c201604300427
_dVLOAD
_c201604292214
_dVLOAD
040 _aPPPK
_bslo
_cPPPK
_dSNK
_eAACR2
041 0 _aslo
044 _axo
_cSK
072 7 _a821.162.4-3
_xSlovenská próza
_2konspekt
080 _a821.162.4-31
_22001
100 1 _aPavelková, Kristína,
_d1985-
_4aut
245 1 0 _aTakmer dokonalý muž
_cKristína Pavelková
250 _a1. vyd.
260 _aBratislava
_bMarenčin PT
_c2015
300 _a254 s.
_c17 cm
655 7 _aslovenské romány
_2SNKPH
655 7 _aSlovak fiction
_2SNKPHeng
910 _apppk
910 _asllk
910 _apokpoh
910 _attkjf
910 _ahevk
910 _askpk
910 _avthk
910 _atotk
910 _asnk
942 _2ddc
_cKLDO
_n0
949 _6270001000510449
_asvkbbA 145695
_bsvkbbm 756051
949 _6270001000522122
_asvkbbA 145695-a
_bsvkbbm 757787
949 _617A1174249
_asnkSD 84709
_bsnk2015/30582
_o2312/15
_s6100:20160201
949 _6273K0591423
_asvkpoA 226711
_bsvkpo589740
949 _62889308775
_asavukPV 21593
_bsavuk2015/4622
949 _617A1179955
_asnkSD 84709 D1
_bsnk2016/3301
_o2312/2015
949 _asnklmDK 7139 SNKLM
_bsnklm2015/74
999 _c22023
_d22023